[Event "Troll Masters"]
[Site "Gausdal NOR"]
[Date "2002.01.06"]
[Round "3"]
[White "Johansen,Te"]
[Black "Bekker Jensen,A"]
[Result "1/2-1/2"]
[WhiteElo "2239"]
[BlackElo "2034"]

1.d4 Nf6 2.c4 g6 3.Nc3 Bg7 4.e4 O-O 5.Nf3 d6 6.Be2 e5 7.O-O Nc6 8.d5 Ne7
9.Ne1 a5 10.Be3 Nd7 11.Nd3 b6 12.a3 f5 13.f3 f4 14.Bf2 g5 15.b4 h5 16.c5 axb4
17.axb4 Rxa1 18.Qxa1 bxc5 19.bxc5 Nf6 20.Rb1 g4 21.cxd6 cxd6 22.Bb6 Qd7 23.Nb4 gxf3
24.Bxf3 h4 25.h3 Qe8 26.Qa7 Bd7 27.Bc7 Qg6 28.Bxd6 Nc8 29.Qc5 Nxd6 30.Qxd6 Bxh3
31.Nc6 Qg3 32.Ne7+ Kh7 33.Qxe5 Ng4 34.Qh5+ Bh6 35.Qg6+ Kh8 36.Nf5 Qf2+ 37.Kh1 Rg8
38.Qb6 Qc2 39.Ne2 Bxg2+ 40.Kxg2 Bf8 41.Bxg4 Qxe2+ 42.Kh1 Qxe4+ 43.Kh2 Rxg4
44.Qd4+ Qxd4 45.Nxd4 Bd6 46.Nf5 Bf8 47.Rb8 Rg8 48.Nxh4 f3 49.Ng6+ Kg7 50.Nxf8 Rxf8
51.Rxf8 Kxf8 52.Kg3 f2 53.Kxf2 Ke7 54.Ke3 Kd6 55.Kd4 Kd7 56.Kc5 Kc7 57.d6+ Kd8
58.Kc6 Kc8 59.d7+ Kd8 60.Kd6  1/2-1/2

[Event "7th Hotel"]
[Site "Opatija CRO"]
[Date "2002.01.11"]
[Round "6"]
[White "Szuhanek,R"]
[Black "Burovic,I"]
[Result "1/2-1/2"]
[WhiteElo "2434"]
[BlackElo "2398"]

1.Nf3 Nf6 2.c4 g6 3.Nc3 Bg7 4.e4 d6 5.d4 O-O 6.Be2 e5 7.O-O Nc6 8.d5 Ne7
9.b4 a5 10.Ba3 Nd7 11.bxa5 Rxa5 12.Bb4 Ra8 13.a4 Re8 14.Nd2 Bf8 15.Nb3 b6
16.Ra3 Nb8 17.a5 c5 18.dxc6 Nexc6 19.axb6 Na6 20.Ba5 Bb7 21.Nd5 Nc5 22.Nxc5 dxc5
23.Qa1 Nd4 24.Bd3 Bxd5 25.cxd5 c4 26.b7 Rxa5 27.Rxa5 Nb3 28.Ra8 Nxa1 29.Rxd8 Rxd8
30.Bxc4 Nc2 31.Rc1 Nb4 32.Bb5 Rb8 33.Rc7 Bd6 34.Rd7 Bc5 35.Rc7 Bd6 36.Rd7 Bf8
37.Rc7 Kg7 38.Kf1 h5 39.h4 Bd6 40.Rd7 Bc5 41.Rc7  1/2-1/2

[Event "XXVII Open"]
[Site "Seville ESP"]
[Date "2002.01.14"]
[Round "4"]
[White "Epishin,V"]
[Black "Paragua,M"]
[Result "1-0"]
[WhiteElo "2599"]
[BlackElo "2469"]

1.d4 Nf6 2.c4 g6 3.Nc3 Bg7 4.e4 d6 5.Nf3 O-O 6.Be2 e5 7.O-O Nc6 8.d5 Ne7
9.b4 Nh5 10.Qc2 a5 11.bxa5 Rxa5 12.Re1 c5 13.dxc6 bxc6 14.Be3 Nf4 15.Rad1 Bg4
16.Qd2 Nxe2+ 17.Qxe2 d5 18.cxd5 cxd5 19.exd5 Nxd5 20.Qd2 Be6 21.Ng5 Qa8 22.Nxe6 fxe6
23.a4 e4 24.Nxd5 exd5 25.Bb6 Rxa4 26.Qxd5+ Qxd5 27.Rxd5 Rf5 28.Rdd1 Bc3 29.Rf1 Ra2
30.Be3 Re2 31.g3 h5 32.Rc1 Bf6 33.Rfd1 Bg5 34.Rc8+ Kf7 35.Rc7+ Kf6 36.Rc6+ Ke5
37.Bxg5 Rfxf2 38.Be3 Rxh2 39.Rxg6 Reg2+ 40.Kf1 h4 41.Rdd6  1-0

[Event "TCh-AUT 2001-2"]
[Site "Graz AUT"]
[Date "2002.01.17"]
[Round "5"]
[White "Lipinsky,F"]
[Black "Wegener,D"]
[Result "1-0"]
[WhiteElo "2395"]
[BlackElo "2345"]

1.d4 Nf6 2.c4 g6 3.Nc3 Bg7 4.e4 d6 5.Nf3 O-O 6.Be2 e5 7.O-O Nc6 8.d5 Ne7
9.Ne1 Nd7 10.Be3 f5 11.f3 Kh8 12.a4 Ng8 13.g4 fxg4 14.fxg4 Rxf1+ 15.Bxf1 Bh6
16.Bf2 Ndf6 17.Be2 Bd7 18.Ng2 c5 19.dxc6 Bxc6 20.Qd3 Qd7 21.h3 Ne7 22.Rd1 Rf8
23.b4 b6 24.b5 Bb7 25.Qxd6 Qxd6 26.Rxd6 Nc8 27.Re6 Bd2 28.Be1 Bxc3 29.Bxc3 Nxe4
30.Ba1 Kg8 31.Rxe5 Ncd6 32.Bd4 Rf7 33.a5 Nd2 34.c5 bxc5 35.Bxc5 Nxb5 36.Be3  1-0

[Event "18th Open"]
[Site "Skopje MKD"]
[Date "2002.01.17"]
[Round "3"]
[White "Gorgieski,D"]
[Black "Paramos Dominguez,R"]
[Result "0-1"]
[WhiteElo "2240"]
[BlackElo "2381"]

1.d4 Nf6 2.c4 g6 3.Nc3 Bg7 4.e4 d6 5.Nf3 O-O 6.Be2 e5 7.O-O Nc6 8.d5 Ne7
9.b4 Nh5 10.a4 Nf4 11.a5 f5 12.Bxf4 exf4 13.Ra3 h6 14.Nd4 fxe4 15.Nxe4 Nf5
16.Nxf5 Bxf5 17.Nd2 a6 18.Bg4 Qd7 19.Bxf5 Qxf5 20.Nf3 Qe4 21.Qc1 Rfe8 22.Rb3 g5
23.h3 c6 24.dxc6 Qxc6 25.Qc2 Re4 26.Rc1 Rc8 27.c5 d5 28.Rd3 Rxb4 29.Qa2 Rd8
30.Rb3 Rb5 31.Qc2 Kh8 32.Rxb5 axb5 33.Ne1 Re8 34.Nf3 Re4 35.Qd3 b4 36.Rd1 Qxc5
37.Qxd5 Qxd5 38.Rxd5 b3 39.Rb5 b2 40.Kf1 Bc3 41.g3 Rb4  0-1

[Event "TCh-AUT 2001-2"]
[Site "Graz AUT"]
[Date "2002.01.18"]
[Round "6"]
[White "Frosch,E"]
[Black "Brestian,E"]
[Result "1/2-1/2"]
[WhiteElo "2339"]
[BlackElo "2428"]

1.d4 Nf6 2.c4 g6 3.Nc3 Bg7 4.e4 d6 5.Nf3 O-O 6.Be2 e5 7.O-O Nc6 8.d5 Ne7
9.b4 Nh5 10.c5 Nf4 11.Bxf4 exf4 12.Qb3 Bg4 13.Rac1 h6 14.Rfe1 Bxf3 15.Bxf3 Be5
16.Qc4 h5 17.Ne2 Kg7 18.a4 Ng8 19.Nd4 Nf6 20.Bd1 Re8 21.a5 Bxd4 22.Qxd4 Re5
23.Bb3 Qe7 24.f3 h4 25.Bc4 Nh5 26.Bf1 Kh7 27.Re2 h3 28.Rec2 hxg2 29.Bxg2 Ng7
30.cxd6 Qxd6 31.Qd2 Re7 32.Rc4 a6 33.Qc3 Ne8 34.Kf2 Kg8 35.Rg1 Rd8 36.Bf1 Re5
37.Qc1 Rh5 38.h3 Rh4 39.Qc3 Rd7 40.Rg5 Re7 41.Rc5 Rh5 42.Rxh5 gxh5 43.b5 axb5
44.Rxb5 Qg6 45.Ke2 Nd6 46.Rc5 Qg1 47.Rxc7 Rxc7 48.Qxc7 Qe3+ 49.Kd1 Qxf3+
50.Be2 Qh1+ 51.Kd2 Nxe4+ 52.Kc2 Qg2 53.Kd3 Nf2+ 54.Kc3 Qxd5 55.Qxf4 Ne4+
56.Kc2 Qa2+ 57.Kd3 Nc5+ 58.Ke3 Qe6+ 59.Kf2 Ne4+ 60.Kg2 Qg6+ 61.Kh2 Nd6 62.Bxh5  1/2-1/2

[Event "GMA"]
[Site "Bermuda BER"]
[Date "2002.01.30"]
[Round "9"]
[White "Johannessen,LE"]
[Black "Socko,B"]
[Result "1-0"]
[WhiteElo "2427"]
[BlackElo "2585"]

1.d4 Nf6 2.c4 g6 3.Nc3 Bg7 4.e4 d6 5.Nf3 O-O 6.Be2 e5 7.O-O Nc6 8.d5 Ne7
9.Ne1 Ne8 10.Be3 f5 11.f3 f4 12.Bf2 g5 13.c5 Kh8 14.a4 a6 15.cxd6 Nxd6 16.Nd3 h5
17.Nc5 Rf6 18.Rc1 Rg6 19.b4 g4 20.Bh4 g3 21.hxg3 Qf8 22.gxf4 Bh3 23.Rf2 Qxf4
24.Bxe7 Bh6 25.Nd3 Qg3 26.Bf1 Be3 27.Ne2 Bxf2+ 28.Nxf2 Qxf3 29.Nxh3 Qxh3
30.Bf6+ Kg8 31.Rc3 Qg4 32.Rg3 Qxe4 33.Nc3 Qf5 34.Qf3 Rg4 35.Qxf5 Nxf5 36.Rxg4+ hxg4
37.Bxe5 Re8 38.Bxc7 Re3 39.d6 Nxd6 40.Nd5 Re6 41.Nf4 Rf6 42.g3 Nf7 43.Bg2 b5
44.a5 Nd6 45.Bd5+ Kh7 46.Bd8 Rf5 47.Be7 Ne8 48.Be4 Nf6 49.Bxf5+ Kh6 50.Bf8+  1-0

[Event "Torneo B"]
[Site "Montecatini Terme ITA"]
[Date "2002.01.31"]
[Round "8"]
[White "Passerotti,P"]
[Black "Sciortino,Mas"]
[Result "1-0"]
[WhiteElo "2276"]
[BlackElo "2219"]

1.d4 Nf6 2.c4 g6 3.Nc3 Bg7 4.e4 d6 5.Be2 O-O 6.Nf3 e5 7.O-O Nc6 8.d5 Ne7
9.b4 Kh8 10.Ne1 Neg8 11.Nd3 Ne8 12.c5 f5 13.f3 f4 14.Bd2 Nh6 15.a4 b6 16.Be1 Nf7
17.a5 bxc5 18.bxc5 dxc5 19.Nxc5 Nfd6 20.Rb1 h5 21.Qa4 a6 22.Qc6 Ra7 23.Bf2 Qe7
24.Rb8 Nf6 25.Rfb1 Nd7 26.Nxd7 Bxd7 27.Qc5 Ra8 28.Qxc7 Raxb8 29.Rxb8 Ne8
30.Qc5 Qf7 31.Bxa6 g5 32.Be2 g4 33.a6 g3 34.hxg3 fxg3 35.Bxg3 Qg6 36.Bxe5 Rg8
37.d6 Kh7 38.Bc4 Bh3 39.Bxg8+ Kxg8 40.Rxe8+ Qxe8 41.Bxg7 Qg6 42.g4 Bxg4 43.fxg4 Qxg4+
44.Kf1 Kxg7 45.Qg1  1-0

[Event "Open"]
[Site "Antalya TUR"]
[Date "2002.02.01"]
[Round "8"]
[White "Ivanisevic,I"]
[Black "Spasov,V"]
[Result "1/2-1/2"]
[WhiteElo "2540"]
[BlackElo "2571"]

1.Nf3 g6 2.e4 Bg7 3.d4 d6 4.c4 Nf6 5.Nc3 O-O 6.Be2 e5 7.O-O Nc6 8.d5 Ne7
9.b4 Nh5 10.Re1 a5 11.Ba3 Nf4 12.Bf1 axb4 13.Bxb4 Bg4 14.Re3 c5 15.dxc6 Nxc6
16.Bxd6 Re8 17.c5 Nd4 18.Nb5 Nxf3+ 19.Rxf3 Qf6 20.Nc7 Nh3+ 21.Kh1 Nxf2+ 22.Rxf2 Qxf2
23.Qxg4 Rxa2 24.Rd1 h5 25.Qg3 Qxg3 26.hxg3 Rd8 27.Bc4 Rc2 28.Bd5 Bf8 29.Bxe5 Rxc5
30.Rf1 Bd6 31.Bxd6 Rxd6 32.Ne8 Ra6 33.Bxf7+ Kf8 34.Nf6 Kg7 35.Ne8+ Kf8 36.Bxg6+ Ke7
37.Rf7+ Kd8 38.Rxb7 Rxg6 39.Ng7 Kc8 40.Re7 Rxg3 41.Nf5 Rg5 42.Nd6+ Kb8 43.Rb7+ Ka8
44.Rb2 Rg4 45.Kh2 Ka7 46.Re2 Re5 47.Kh3 Kb8 48.Nf5 Kc7 49.Ng3 Rf4 50.Rc2+ Kd7
51.Ra2 h4 52.Rd2+ Ke6 53.Ne2 Rfxe4 54.Nd4+ Kf6 55.Nf3 Rh5 56.Rd6+ Ke7 57.Ra6 Rb4
58.Ra7+ Kd6 59.Ra6+ Kc7 60.Ra7+ Kb6 61.Rg7 Rb1 62.Kg4 Rh8 63.Kg5 Rb5+ 64.Kg4 Rb4+
65.Kh3 Rb1 66.Rg6+ Kc7 67.Kg4 Kd7 68.Rg5 Ke7 69.Re5+ Kd6 70.Rg5 Rh1 71.Rg6+ Ke7
72.Rg7+ Kf6 73.Rg5 Ra8 74.Rf5+ Ke7 75.Re5+ Kd6 76.Re2 Rg8+ 77.Kf4 Ra1 78.Rd2+ Ke7
79.Rb2 Ra4+ 80.Ke3 Ra3+ 81.Kf2 Rg4 82.Rb7+ Kd6 83.Rb6+ Kc5 84.Rh6 Ra2+ 85.Ke3 Rgxg2
86.Rh5+ Kd6 87.Nxh4 Ra3+ 88.Kf4 Ra4+ 89.Kf3 Rgg4 90.Rh6+ Kd5 91.Ng2 Rg5 92.Ne3+ Ke5
93.Rh8 Rf4+ 94.Ke2 Rg6 95.Ra8 Re6 96.Ra5+ Kf6 97.Ra8 Rfe4 98.Ra3 Kg5 99.Kf3 Rf4+
100.Ke2 Re5 101.Rb3 Rh4 102.Kf2 Rh3 103.Ra3 Rh8 104.Kf3 Rf8+ 105.Kg3 Rc5
106.Rd3 Kf6 107.Ra3 Ke6 108.Ng4 Rc1 109.Ra6+ Kd5 110.Nf6+ Kd4 111.Kf4 Rf1+
112.Kg5 Rc8 113.Ra4+ Rc4 114.Ra6 Rfc1 115.Re6 Rc5+ 116.Kg6 Rg1+ 117.Kf7 Rc7+
118.Re7 Rg7+ 119.Kxg7 Rxe7+ 120.Kg6 Ke5 121.Ng4+ Kf4 122.Nf6 Re6 123.Kf7 Kf5
124.Nd5 Rd6 125.Ne7+ Kg5 126.Nc8 Rd1 127.Ke6 Re1+ 128.Kd5 Kf6 129.Nd6 Rd1+
130.Kc5 Ke6 131.Nc4 Rd8 132.Nb6 Rh8 133.Nc4 Rh5+ 134.Kd4 Rb5 135.Ke4 Rg5
136.Kd4 Rh5 137.Ne3 Rh4+ 138.Kc5 Ke5  1/2-1/2

[Event "Aeroflot Open"]
[Site "Moscow RUS"]
[Date "2002.02.05"]
[Round "2"]
[White "Shariyazdanov,A"]
[Black "Zulfugarli,M"]
[Result "1/2-1/2"]
[WhiteElo "2532"]
[BlackElo "2430"]

1.d4 Nf6 2.c4 g6 3.Nc3 Bg7 4.e4 O-O 5.Nf3 d6 6.Be2 e5 7.O-O Nc6 8.d5 Ne7
9.Ne1 Nd7 10.Nd3 f5 11.Bd2 c5 12.Rb1 Kh8 13.f3 b6 14.b4 Ng8 15.bxc5 bxc5
16.Nf2 Bh6 17.exf5 Bxd2 18.Qxd2 gxf5 19.f4 Ba6 20.Nfd1 Qa5 21.Ne3 Rae8 22.Bd3 Nh6
23.Rbe1 Qd8 24.Ne2 Bc8 25.Ng3 exf4 26.Rxf4 Qg5 27.Ref1 Ne5 28.Nd1 Rg8 29.Qb2 Qg7
30.Nh5 Qg5 31.Ng3 Qg7 32.Nh5 Qg5  1/2-1/2

[Event "Aeroflot Open"]
[Site "Moscow RUS"]
[Date "2002.02.05"]
[Round "2"]
[White "Kobalia,M"]
[Black "Ulko,J"]
[Result "1/2-1/2"]
[WhiteElo "2620"]
[BlackElo "2484"]

1.d4 Nf6 2.c4 g6 3.Nc3 Bg7 4.e4 O-O 5.Nf3 d6 6.Be2 e5 7.O-O Nc6 8.d5 Ne7
9.b4 a5 10.Ba3 axb4 11.Bxb4 Nd7 12.a4 Bh6 13.a5 f5 14.Nd2 Nf6 15.c5 Bxd2
16.Qxd2 fxe4 17.cxd6 cxd6 18.Nb5 Nf5 19.Rac1 Rf7 20.g4 Nd4 21.Nxd4 exd4 22.Qxd4 Bxg4
23.Bxg4 Nxg4 24.Qxe4 Nxf2 25.Qe3 Qg5+ 26.Qxg5 Nh3+ 27.Kg2 Nxg5 28.Rxf7 Kxf7
29.Rc7+ Kf6 30.h4 Ne4 31.Kf3 Re8 32.Rxb7 Ke5 33.a6 Kxd5 34.a7 Rf8+ 35.Ke3 Ra8
36.Rxh7 g5 37.Kd3 gxh4 38.Rh5+ Kc6 39.Kxe4 Rxa7 40.Kd4 Rg7 41.Rh6 Rg4+ 42.Kc3 Kd5
43.Bxd6 Ke4 44.Kd2 Kf3 45.Be7 Kg3 46.Ke3 Rc4 47.Rg6+ Kh3 48.Bd6 Rc3+ 49.Kd4 Rc2
50.Bf4 Ra2 51.Ke4 Ra1 52.Be3 Rf1 53.Bd4 Rf7 54.Ke3 Rf8 55.Be5 Rf1 56.Bf4 Ra1
57.Kf3 Rf1+ 58.Ke4  1/2-1/2

[Event "Aeroflot Open"]
[Site "Moscow RUS"]
[Date "2002.02.06"]
[Round "3"]
[White "Ulko,J"]
[Black "Shchekachev,A"]
[Result "1-0"]
[WhiteElo "2484"]
[BlackElo "2573"]

1.d4 Nf6 2.c4 g6 3.Nc3 Bg7 4.e4 d6 5.Nf3 O-O 6.Be2 e5 7.O-O Nc6 8.d5 Ne7
9.b4 Nh5 10.Re1 a5 11.bxa5 f5 12.Nd2 Nf6 13.c5 Rxa5 14.cxd6 cxd6 15.Nc4 Ra6
16.Nd2 Ra8 17.a4 Bh6 18.Ba3 Bxd2 19.Qxd2 Nxe4 20.Nxe4 fxe4 21.Bd1 Rf6 22.Rxe4 Qa5
23.Qxa5 Rxa5 24.Rc1 Kf8 25.Rxe5 Bd7 26.Rc7 Ke8 27.Re1 Kd8 28.Rxb7 Nxd5 29.Rb8+ Kc7
30.Rh8 Rf7 31.Re4 Bc6 32.Bb3 Ra6 33.Rc4 Re7 34.h3 Nf6 35.Rf8 Ne4 36.Rd4 Nc5
37.Bc2 Bxa4 38.Bxc5 Bxc2 39.Bb4 Bb3 40.Rf3 Bf7 41.Rfd3 Rd7 42.Rc3+ Kb7 43.Kh2 Rc6
44.Ra3 Bc4 45.Bd2 d5 46.Ra4 Re7 47.Be3 Ra6 48.Rb4+ Kc7 49.Rf4 Rc6 50.Rf8 Kd6
51.Rbb8 Ke5 52.Rbd8 Ke4 53.Rf3 Rcc7 54.Bg5 Rf7 55.Re8+ Kd4 56.Be3+ Kc3 57.Bf4+ Kc2
58.Bxc7 Rxc7 59.Rd8 Ra7 60.Kg3 Rb7 61.Re3 Rf7 62.Rf3 Re7 63.Rdf8 Re4 64.Re3 Rd4
65.Re7 h5 66.Rf4 Rd3+ 67.Kh4 d4 68.Rd7 Kc3 69.Kg5 Rd1 70.Kxg6  1-0

[Event "FSGM February"]
[Site "Budapest HUN"]
[Date "2002.02.07"]
[Round "6"]
[White "Markus,R"]
[Black "Dembo,Y"]
[Result "1/2-1/2"]
[WhiteElo "2470"]
[BlackElo "2346"]

1.d4 Nf6 2.c4 g6 3.Nc3 Bg7 4.e4 d6 5.Nf3 O-O 6.Be2 e5 7.O-O Nc6 8.d5 Ne7
9.b4 Nh5 10.Re1 f5 11.Ng5 Nf6 12.f3 Kh8 13.Be3 Bh6 14.Ne6 Bxe6 15.dxe6 c6
16.Rb1 Ne8 17.b5 Nc7 18.bxc6 bxc6 19.Rb7 Nxe6 20.Qa4 Nd4 21.Bd3 f4 22.Bf2 Nc8
23.Reb1 Qe8 24.Rc7 Nb6 25.Qa6 Qb8 26.Rb7 Qc8 27.c5 Nd7 28.Na4 dxc5 29.Bc4 Qd8
30.Rxa7 Rxa7 31.Qxa7 Qa8 32.Rb7 Qxa7 33.Rxa7 Rd8 34.Rb7 Bf8 35.Nc3 Nf6 36.a4 Ra8
37.Rf7 Bg7 38.Rb7 Bf8 39.Kf1 Ne8 40.Ba2 Nd6 41.Rd7 Ne8 42.Bf7 Nf6 43.Rb7 g5
44.h3 Ng8 45.Ba2 Nf6  1/2-1/2

[Event "Aeroflot Open"]
[Site "Moscow RUS"]
[Date "2002.02.07"]
[Round "4"]
[White "Shariyazdanov,A"]
[Black "Zaitsev,I"]
[Result "1-0"]
[WhiteElo "2532"]
[BlackElo "2444"]

1.d4 Nf6 2.c4 d6 3.Nc3 g6 4.e4 Bg7 5.Be2 O-O 6.Nf3 e5 7.O-O Nc6 8.d5 Ne7
9.b4 Bg4 10.Be3 c6 11.h3 Bd7 12.Nd2 Ne8 13.f3 Nf6 14.g4 h6 15.Rc1 g5 16.Kh2 Ng6
17.Nb3 Nf4 18.dxc6 bxc6 19.Bxf4 gxf4 20.Qxd6 Nh7 21.Qc5 h5 22.Kg2 Kh8 23.Rfd1 Rg8
24.b5 Rc8 25.Qxa7 hxg4  1-0

[Event "Aeroflot Open"]
[Site "Moscow RUS"]
[Date "2002.02.08"]
[Round "6"]
[White "Sargissian,G"]
[Black "Fedorov,Alex"]
[Result "1/2-1/2"]
[WhiteElo "2515"]
[BlackElo "2589"]

1.d4 Nf6 2.c4 g6 3.Nc3 Bg7 4.e4 d6 5.Nf3 O-O 6.Be2 e5 7.O-O Nc6 8.d5 Ne7
9.b4 Nh5 10.Re1 a5 11.bxa5 Rxa5 12.Nd2 Nf4 13.Bf1 c5 14.a4 Kh8 15.Ra3 Ng8
16.Nb5 Nh6 17.Nf3 f6 18.Bxf4 exf4 19.Qd2 Nf7 20.Qxf4 f5 21.Qd2 g5 22.g3 f4
23.e5 dxe5 24.Nc3 g4 25.Nh4 Bf6 26.Ne4 Bxh4 27.gxh4 Ra6 28.Ng5 Nxg5 29.hxg5 Re8
30.Rd3 Rd6 31.g6 hxg6 32.Qb2 Rb6 33.Qc3 Qd6 34.h3 Kg7 35.hxg4 Bxg4 36.Bh3 Bxh3
37.Rxh3 Qf6 38.Qa5 e4 39.Qxc5 e3 40.Qc7+ Kf8 41.fxe3 Rb2 42.Kh1 fxe3 43.Qc5+ Kg8
44.Qc7 Kf8  1/2-1/2

[Event "Aeroflot Open"]
[Site "Moscow RUS"]
[Date "2002.02.08"]
[Round "6"]
[White "Pogorelov,R"]
[Black "Socko,B"]
[Result "1/2-1/2"]
[WhiteElo "2460"]
[BlackElo "2585"]

1.Nf3 Nf6 2.c4 g6 3.Nc3 Bg7 4.e4 d6 5.d4 O-O 6.Be2 e5 7.O-O Nc6 8.d5 Ne7
9.Ne1 Nd7 10.Be3 f5 11.f3 f4 12.Bf2 g5 13.a4 a6 14.a5 Rf6 15.Nd3 Rh6 16.Be1 Kh8
17.b4 Ng8 18.c5 dxc5 19.bxc5 Qe8 20.g4 fxg3 21.Bxg3 Ngf6 22.c6 bxc6 23.dxc6 Nf8
24.Bxe5 Ng6 25.Bd4 Bh3 26.Rf2 Rd8 27.Nd5 Nxd5 28.Bxg7+ Kxg7 29.exd5 Rxd5
30.Qb3 Be6 31.Qc3+ Kg8 32.Nb4 Rd6 33.Bxa6 Nf4 34.Bf1 Bh3 35.a6 Bxf1 36.Kxf1 Rd8
37.Rd2 Rxd2 38.Qxd2 Rd6 39.Qa2+ Kg7 40.Qb2+ Kh6 41.a7 Qe3 42.Qf2 Qb3 43.a8=Q Rd1+
44.Rxd1 Qxd1+ 45.Qe1 Qxf3+ 46.Qf2 Qd1+  1/2-1/2

[Event "FSFMA February"]
[Site "Budapest HUN"]
[Date "2002.02.09"]
[Round "8"]
[White "Szirmai,Ed"]
[Black "Por,A"]
[Result "1-0"]
[WhiteElo "2154"]
[BlackElo "2077"]

1.Nf3 Nf6 2.c4 g6 3.Nc3 Bg7 4.e4 d6 5.d4 O-O 6.Be2 Nc6 7.O-O e5 8.dxe5 Nxe5
9.Bg5 Nxf3+ 10.Bxf3 h6 11.Bh4 g5 12.Bg3 Nd7 13.Qc2 Ne5 14.Be2 Be6 15.b3 Nc6
16.Rad1 Qc8 17.f3 Bd4+ 18.Kh1 a6 19.Nd5 Be5 20.f4 Bh8 21.Qd2 Qd8 22.Bf2 f5
23.fxg5 hxg5 24.exf5 Bxf5 25.Be3 g4 26.Bg5 Qd7 27.Bh6 Bg7 28.Qg5 Rae8 29.Rde1 Nd4
30.Bd1 Ne6 31.Qh5 Qf7 32.Qxf7+ Rxf7 33.Bxg7 Kxg7 34.Ne3 Nd4 35.Nxg4 Rxe1
36.Rxe1 Bb1 37.h4 Bxa2 38.h5 Bxb3 39.Bxb3 Nxb3 40.Rb1 Nc5 41.Kh2 a5 42.Kg3 b6
43.Kh4 Ne6 44.g3 Nd4 45.Ne3 Rf3 46.Nd5 Rf7 47.g4 Nf3+ 48.Kg3 Ne5 49.Nf4 Nxc4
50.g5 Ne5 51.Rh1 a4 52.g6 Rd7 53.h6+ Kg8  1-0

[Event "13th Asian Cities"]
[Site "Aden YEM"]
[Date "2002.02.11"]
[Round "7"]
[White "Mahmud,S"]
[Black "Al Sayed,Mohamad"]
[Result "1/2-1/2"]
[WhiteElo "2351"]
[BlackElo "2413"]

1.d4 Nf6 2.Nf3 g6 3.c4 Bg7 4.Nc3 O-O 5.e4 d6 6.Be2 e5 7.O-O Nc6 8.d5 Ne7
9.b4 Nh5 10.c5 Nf4 11.Bxf4 exf4 12.Rc1 a5 13.Qb3 c6 14.dxc6 Nxc6 15.b5 Be6
16.Qa3 Nd4 17.Nxd4 Bxd4 18.c6 bxc6 19.bxc6 Qg5 20.Qa4 Bh3 21.Bf3 Bxg2 22.h4 Qe5
23.Kxg2 Bxc3 24.Rfd1 Bb4 25.c7 Bc5 26.Qc6 h5 27.Rd5 Qe7 28.e5 Qxh4 29.Rcxc5 dxc5
30.e6 Rac8 31.Rd7 Qg5+ 32.Kf1 Kg7 33.e7 Rfe8 34.Qd6 c4 35.Bb7 c3 36.Qd4+ Qf6
37.Qc4 Rxc7 38.Rxc7 Rxe7 39.Rxe7 Qxe7 40.Qxc3+ f6 41.Bd5 Qd6 42.Qxa5 g5 43.Qa7+ Kh6
44.Qf7 g4 45.Qe6 Qd8 46.Qf5 Qd6 47.Be4 Qd1+ 48.Kg2 f3+ 49.Kg3 Qg1+ 50.Kf4 Qc1+  1/2-1/2

[Event "10th Open"]
[Site "Valle d'Aosta ITA"]
[Date "2002.02.13"]
[Round "5"]
[White "Sulava,N"]
[Black "Roeder,M"]
[Result "1/2-1/2"]
[WhiteElo "2552"]
[BlackElo "2478"]

1.d4 Nf6 2.c4 g6 3.Nc3 Bg7 4.e4 d6 5.Nf3 O-O 6.Be2 e5 7.O-O Nc6 8.d5 Ne7
9.Kh1 Kh8 10.a4 a5 11.Ne1 Nd7 12.Nd3 f5 13.f3 f4 14.Bd2 g5 15.b4 axb4 16.Nb5 g4
17.fxg4 Nf6 18.Nf2 c6 19.dxc6 bxc6 20.Bxb4 cxb5 21.Qxd6 Ng6 22.Qxd8 Rxd8
23.g5 bxa4 24.gxf6 Bxf6 25.Nd1 Be7  1/2-1/2

[Event "Petrov Mem Open"]
[Site "St Petersburg RUS"]
[Date "2002.02.16"]
[Round "5"]
[White "Alikhanov,F"]
[Black "Yandarbiev,R"]
[Result "1-0"]
[WhiteElo "2305"]
[BlackElo "2393"]

1.d4 Nf6 2.c4 g6 3.Nc3 Bg7 4.e4 d6 5.Nf3 O-O 6.Be2 e5 7.O-O Nc6 8.d5 Ne7
9.b4 a5 10.bxa5 Rxa5 11.Nd2 Nd7 12.a4 f5 13.Ba3 Ra8 14.Bb4 Kh8 15.a5 Ng8
16.Nb3 Ndf6 17.c5 Nxe4 18.Nxe4 fxe4 19.cxd6 cxd6 20.Nd2 Nf6 21.Nc4 Ne8 22.Qb3 Rb8
23.Qa3 Rf6 24.Rab1 Bf5 25.Rb2 Kg8 26.g4 Bc8 27.a6 Ra8 28.Ba5 b6 29.Bxb6 Qe7
30.a7 Bh6 31.Ra1 Rf7 32.Be3 Qh4 33.Rb8 Rf3 34.Bxf3 exf3 35.Nd2 Qxg4+ 36.Kf1 Qg2+
37.Ke1 Bh3 38.Kd1 Bf5 39.Kc1 Bg7 40.Rxa8 Qg1+ 41.Kb2 e4+ 42.Kc2  1-0

[Event "ch-Serbia"]
[Site "Leskovac YUG"]
[Date "2002.02.18"]
[Round "4"]
[White "Antic,D"]
[Black "Radovanovic,D"]
[Result "1-0"]
[WhiteElo "2470"]
[BlackElo "2346"]

1.d4 Nf6 2.Nf3 g6 3.c4 Bg7 4.Nc3 O-O 5.e4 d6 6.Be2 e5 7.O-O Nc6 8.d5 Ne7
9.b4 a5 10.bxa5 Rxa5 11.a4 c5 12.Ra3 Ne8 13.Nb5 Ra6 14.g3 f5 15.exf5 gxf5
16.Nh4 Ng6 17.Ng2 Nf6 18.f4 Ne4 19.Bd3 exf4 20.Nxf4 Qe7 21.Qe2 Bd7 22.Ne6 Bxe6
23.dxe6 Raa8 24.g4 Ne5 25.gxf5 Nxd3 26.Rxd3 Qh4 27.Bf4 Ng5 28.Bxd6 Nh3+ 29.Kg2 Qxc4
30.Bxf8 Rxa4 31.f6 Bh6  1-0

[Event "US Amateur Team East"]
[Site "Parsipanny USA"]
[Date "2002.02.18"]
[Round "5"]
[White "Fang,J"]
[Black "Weeramantry,S"]
[Result "1-0"]
[WhiteElo "2318"]
[BlackElo "2213"]

1.Nf3 Nf6 2.c4 g6 3.Nc3 Bg7 4.e4 d6 5.d4 O-O 6.Be2 e5 7.O-O Nc6 8.d5 Ne7
9.Ne1 Nd7 10.Be3 f5 11.f3 f4 12.Bf2 g5 13.a4 a5 14.Nd3 b6 15.b4 Nf6 16.c5 Ng6
17.cxb6 cxb6 18.Rc1 Rf7 19.Nb5 h5 20.Rc6 Ne8 21.Bxb6 Qf6 22.bxa5 Bf8 23.Nf2 Rg7
24.Nc7 Nxc7 25.Rxc7 Ne7 26.h3 Kh8 27.Qc2 Rg8 28.a6 Bxa6 29.Bxa6 Rxa6 30.a5 Ng6
31.Qc6 Nh4 32.Qb7 Qh6 33.Qxa6 g4 34.fxg4 f3 35.g3 hxg4 36.Nxg4 Qd2 37.Rf2 Qe1+
38.Qf1 Qxe4 39.gxh4 Bh6 40.Rxf3 Rxg4+ 41.hxg4  1-0

[Event "Donald Byrne Mem"]
[Site "Penn State USA"]
[Date "2002.02.20"]
[Round "1"]
[White "Simpson,R"]
[Black "Chiong,L"]
[Result "0-1"]
[WhiteElo "2290"]
[BlackElo "2364"]

1.d4 Nf6 2.c4 g6 3.Nc3 Bg7 4.e4 d6 5.Nf3 O-O 6.Be2 e5 7.O-O Nc6 8.d5 Ne7
9.b4 Nh5 10.Re1 a5 11.Ba3 Nf4 12.Bf1 axb4 13.Bxb4 Bg4 14.a4 f5 15.Ra3 c5
16.dxc6 Nxc6 17.Bxd6 Nd4 18.Nb5 fxe4 19.Rxe4 Nh3+ 20.gxh3 Bxf3 21.Rxf3 Nxf3+
22.Kh1 h5 23.Re3 Ng5 24.Qd5+ Rf7 25.h4 Nh7 26.Bd3 Nf6 27.Qe6 e4 28.Bxe4 Nxe4
29.Qxe4 Qf6 30.f4 Rxa4 31.Be5 Qc6 32.Nd6 Qxe4+ 33.Rxe4 Rd7 34.Rd4 Bf8  0-1

[Event "9th Open Metalis"]
[Site "Bizovac CRO"]
[Date "2002.02.21"]
[Round "1"]
[White "Farago,I"]
[Black "Predovic,D"]
[Result "1-0"]
[WhiteElo "2500"]
[BlackElo "2086"]

1.d4 g6 2.c4 Bg7 3.e4 Nf6 4.Nc3 d6 5.Be2 O-O 6.Nf3 Nc6 7.O-O e5 8.d5 Ne7
9.b4 a5 10.Ba3 axb4 11.Bxb4 Ne8 12.c5 f5 13.Nd2 fxe4 14.Ndxe4 Bf5 15.Bb5 dxc5
16.Bxc5 Nd6 17.Qb3 Kh8 18.f3 Rb8 19.Rad1 Nec8 20.a4 b6 21.Be3 Nxe4 22.fxe4 Bg4
23.Rxf8+ Bxf8 24.Rf1 Nd6 25.Bc6 Qc8 26.Qc2 Nc4 27.Bf2 Bh6 28.Nb5 Nd2 29.Re1 Nf3+
30.gxf3 Bxf3 31.Bg3 Qg4 32.Qc3 Bf4 33.Bd7  1-0

[Event "ch-Serbia"]
[Site "Leskovac YUG"]
[Date "2002.02.22"]
[Round "8"]
[White "Maksimovic,B"]
[Black "Djokic,Neb"]
[Result "1-0"]
[WhiteElo "2403"]
[BlackElo "2239"]

1.d4 Nf6 2.c4 g6 3.Nc3 Bg7 4.e4 d6 5.Nf3 O-O 6.Be2 e5 7.O-O Nc6 8.d5 Ne7
9.b4 a5 10.bxa5 Rxa5 11.a4 Nd7 12.Ba3 b6 13.Bb4 Ra8 14.a5 Nc5 15.Bxc5 bxc5
16.Ra3 Bh6 17.Qa1 Ba6 18.Qa2 f5 19.Nd2 fxe4 20.Ndxe4 Nf5 21.Nb5 Nd4 22.Nxd4 cxd4
23.c5 Qh4 24.Qc2 Qe7 25.Bxa6 Rxa6 26.Rb1 Rfa8 27.Rb5 Kh8 28.g4 Bf8 29.c6 Qf7
30.Kg2 Qf5 31.Rf3 Qc8 32.Rf7 Bg7 33.Rb7 R8a7 34.Nxd6 cxd6 35.Rxa7  1-0

[Event "Mario Covas Jr"]
[Site "Sao Paulo BRA"]
[Date "2002.02.23"]
[Round "4"]
[White "Lima,Da"]
[Black "Crosa,M"]
[Result "1-0"]
[WhiteElo "2540"]
[BlackElo "2393"]

1.d4 Nf6 2.c4 g6 3.Nc3 Bg7 4.e4 d6 5.Be2 O-O 6.Nf3 e5 7.O-O Nc6 8.d5 Ne7
9.Bd2 Nd7 10.Rc1 c5 11.dxc6 Nxc6 12.Bg5 f6 13.Be3 Nc5 14.Nb5 Qa5 15.a3 Ne6
16.Nxd6 Rd8 17.c5 Bf8 18.Qd5 Nd4 19.Nxd4 exd4 20.Bf4 Kg7 21.Bg3 Qd2 22.Bg4  1-0

[Event "8th Hotel Opatija"]
[Site "Kastav CRO"]
[Date "2002.03.01"]
[Round "12"]
[White "Levar,N"]
[Black "Armanda,I"]
[Result "0-1"]
[WhiteElo "2315"]
[BlackElo "2334"]

1.d4 Nf6 2.Nf3 g6 3.c4 Bg7 4.Nc3 O-O 5.e4 d6 6.Be2 e5 7.O-O Nc6 8.d5 Ne7
9.Ne1 Nd7 10.Nd3 f5 11.Bd2 Nf6 12.f3 f4 13.c5 g5 14.cxd6 cxd6 15.Nf2 h5 16.h3 a6
17.a4 b6 18.a5 b5 19.Na2 Kh8 20.Nb4 Neg8 21.Nc6 Qd7 22.Ra3 Nh6 23.Qc2 Rg8
24.Rc1 Qe8 25.Qd1 Bf8 26.Kf1 Qg6 27.Nd8 Bxh3 28.gxh3 Rxd8 29.Rc6 g4 30.hxg4 hxg4
31.Nxg4 Rd7 32.Bxf4 Nfxg4 33.fxg4 Rf7  0-1

[Event "FSIMB March"]
[Site "Budapest HUN"]
[Date "2002.03.04"]
[Round "3"]
[White "Dub,Z"]
[Black "Farago,S"]
[Result "1-0"]
[WhiteElo "2238"]
[BlackElo "2318"]

1.d4 Nf6 2.Nf3 g6 3.c4 Bg7 4.Nc3 d6 5.e4 O-O 6.Be2 e5 7.O-O Nc6 8.d5 Ne7
9.b4 Nh5 10.Re1 Nf4 11.Bf1 Kh8 12.a4 Ng8 13.c5 Nf6 14.Ba3 Ne8 15.b5 b6 16.cxd6 cxd6
17.Bb4 g5 18.Nd2 Rg8 19.Nc4 g4 20.a5 Rb8 21.axb6 axb6 22.Ra7 Qf6 23.Na4 Bh6
24.g3 Nh3+ 25.Bxh3 gxh3 26.Naxb6 Bg4 27.Qd3 Rd8 28.Na5 Ng7 29.Nc6 Nh5 30.Nxd8 Qxd8
31.Nc4 Nf4 32.Qc2 Ng2 33.Nxd6 Bh5 34.Nxf7+ Bxf7 35.Rxf7  1-0

[Event "ch-RUS Girls U20"]
[Site "Vladimir RUS"]
[Date "2002.03.05"]
[Round "5"]
[White "Hasanova,E"]
[Black "Sudakova,I"]
[Result "1/2-1/2"]
[WhiteElo "2263"]
[BlackElo "2354"]

1.d4 Nf6 2.c4 g6 3.Nc3 Bg7 4.e4 d6 5.Be2 O-O 6.Nf3 e5 7.O-O Nc6 8.dxe5 dxe5
9.Bg5 Qxd1 10.Rfxd1 Bg4 11.Rd3 Bxf3 12.Bxf3 Nd4 13.Nd5 Nxd5 14.cxd5 f5 15.Be3 Nc2
16.Rad1 Nxe3 17.Rxe3 Rfd8 18.Rc3 Rac8 19.Rdc1 Bh6 20.R1c2 c6 21.g3 Rd6 22.exf5 gxf5
23.dxc6 bxc6 24.Bxc6 Kf8 25.Ba4 Rxc3 26.Rxc3 Rd2 27.Rc8+ Kg7 28.Rc7+ Kf6
29.Rxa7 Rxb2 30.Bb3 e4 31.Ra6+ Kg7 32.Bc4 Rc2 33.Bb3 Rb2 34.Rd6 Bd2 35.Kf1 Bb4
36.Rc6 Rb1+ 37.Kg2 Rb2 38.Rc2 Rxc2 39.Bxc2 Kf6  1/2-1/2